• 首页
  • 本馆介绍
  • 公告通知
  • 最新文献
  • 馆藏检索
  • 电子资源
  • 读者导购
  • 参考咨询
  • 我的图书馆
  • 登录
  • 详细信息显示
  • 放入我的书架
  • 预约/预借图书
  • 作者相关作品
  • 分类相关作品
  • 丛书相关作品
  • 出版社相关作品

书目信息

  • 表格格式
  • 工作单格式
  • 卡片格式
题名:
任弼时
    
 
作者: 高军 著
分册:  
出版信息: 北京   中国青年出版社  1991.6
页数: 156页
开本: 19cm
丛书名: 青年革命传统教育系列丛书
单 册:
中图分类: K827.7
科图分类: 26.12681
主题词:
电子资源:
ISBN: 7-5006-0953-1
000 00678nam2 2200241 45
001 1561365439
005 20150118170317.14
010    @a7-5006-0953-1@dCNY2.20
100    @a19911029d1991 em y0chiy0121 ea
101 0  @achi
102    @aCN@b110000
105    @ay z 000yb
200 10 @a任弼时@AREN BI SHI@f高 军著@FGAO JUN ZHU
210    @a北京@c中国青年出版社@d1991.6
215    @a156页@d19cm
225 2  @a青年革命传统教育系列丛书@i革命领袖卷
410  0 @120010@a青年革命传统教育系列丛书@i革命领袖卷
600  0 @a任弼时@x生平事迹
690    @aK827.7
692    @a26.12681
701  0 @a高军@AGAO JUN@4著
801  0 @aCN@bTSSF@c20150118
905    @aZUCC@dK827.7@eJY64
    
    任弼时/高 军著.-北京:中国青年出版社,1991.6
    156页;19cm.-(青年革命传统教育系列丛书.革命领袖卷)
    
    
    ISBN 7-5006-0953-1:CNY2.20
    
●
相关链接 在E读中查询图书 在五车中查询图书 在当当中查询图书 在豆瓣中查询图书


正题名:任弼时     索取号:K827.7/JY64         预约/预借

序号 登录号 条形码 馆藏地/架位号 状态 备注
1 7847403   278474036   学院路分馆/ [索取号:K827.7/JY64] 在馆    
2 7847404   278474045   学院路分馆/ [索取号:K827.7/JY64] 在馆    
3 7847405   278474054   学院路分馆/ [索取号:K827.7/JY64] 在馆    
唐山师范学院图书馆 欢迎您!
大连网信软件有限公司© 版权所有